000
00255nam a2200097 a 4500
005
20200930055101.0
008
110411s1995 000 spa d
245
0
_a
Fundación Mejía Ricart-Guzmán Boom.
260
_a
Santo Domingo,
_c
1995.
999
_c
28188
_d
28188
040
_a
DO-SdBNP